[Event "SUI-ch int"]
[White "Arkell, Keith C"]
[Black "Schmid, Marcel"]
[Site "Saas Almagell"]
[Round "1"]
[Result "1-0"]
[Date "2005.07.07"]
[WhiteElo "2477"]
[BlackElo "2069"]
[PlyCount "71"]
[EventDate "2005.07.07"]
[EventType "swiss"]
[EventRounds "9"]
[EventCountry "SUI"]
[SourceTitle "CBM 107 Extra"]
[Source "ChessBase"]
[SourceDate "2005.09.01"]
[SourceVersion "1"]
[SourceVersionDate "2005.09.01"]
[SourceQuality "1"]

1. d4 d5 2. c4 e5 3. dxe5 d4 4. Nf3 Nc6 5. a3 Bg4 6. Nbd2 Qd7 7. b4 d3 8. Bb2 dxe2 9. Bxe2 0-0-0 10. b5 Bxf3 11. Nxf3 Qxd1+ 12. Rxd1 Rxd1+ 13. Kxd1 Nd8 14. Ng5 Be7 15. h4 Nh6 16. Bd3 Kb8 17. Ke2 Ne6 18. Nxe6 fxe6 19. h5 Nf7 20. f4 g6 21. hxg6 hxg6 22. Rxh8+ Nxh8 23. c5 g5 24. fxg5 Bxg5 25. Kf3 Nf7 26. c6 b6 27. Bg6 Nd8 28. Kg4 Be7 29. Kh5 a6 30. a4 Ka7 31. Be8 Nb7 32. cxb7 Kxb7 33. Kg6 axb5 34. axb5 c5 35. bxc6+ Kc7 36. Kf7 1-0

[Event "Samnaun HT1"]
[White "Jahn, Constanze"]
[Black "Schmid, Marcel"]
[Site "Samnaun"]
[Round "2"]
[Result "1-0"]
[Date "2004.07.09"]
[WhiteElo "2194"]
[BlackElo "2069"]
[PlyCount "49"]
[EventDate "2004.07.08"]
[EventType "swiss"]
[EventRounds "9"]
[EventCountry "SUI"]
[SourceTitle "EXT 2005"]
[Source "ChessBase"]
[SourceDate "2004.11.15"]
[SourceVersion "1"]
[SourceVersionDate "2004.11.15"]
[SourceQuality "1"]

1. e4 Nc6 2. Nf3 f5 3. exf5 d5 4. d4 Bxf5 5. Bb5 e6 6. Ne5 Nge7 7. Nc3 a6 8. Ba4 b5 9. Nxb5 axb5 10. Bxb5 Qd6 11. a4 Rb8 12. 0-0 Rxb5 13. axb5 Nxe5 14. dxe5 Qxe5 15. c3 Ng6 16. Re1 Qf6 17. Qxd5 Bd6 18. Qc6+ Kf7 19. Ra7 Rd8 20. b6 Ne5 21. bxc7 Bxc7 22. Qxc7+ Rd7 23. Qb8 Nf3+ 24. gxf3 Qg6+ 25. Kh1 1-0

[Event "SUI-ch 103rd"]
[White "Schmid, Marcel"]
[Black "Habibi, Ali"]
[Site "Silvaplana"]
[Round "1"]
[Result "0-1"]
[Date "2003.07.10"]
[WhiteElo "2070"]
[BlackElo "2277"]
[PlyCount "38"]
[EventDate "2003.07.10"]
[EventType "swiss"]
[EventRounds "9"]
[EventCountry "SUI"]
[SourceTitle "CBM 095 Extra"]
[Source "ChessBase"]
[SourceDate "2003.09.04"]
[SourceVersion "1"]
[SourceVersionDate "2003.09.04"]
[SourceQuality "1"]

1. e4 c5 2. Nc3 g6 3. g3 Nc6 4. Bg2 Bg7 5. d3 d6 6. f4 Bd7 7. Nf3 Rb8 8. 0-0 b5 9. f5 Nf6 10. Nh4 Nd5 11. Ne2 Qb6 12. h3 a5 13. g4 a4 14. Be3 a3 15. Rb1 axb2 16. Qd2 h6 17. Rxb2 g5 18. Bxg5 hxg5 19. Qxg5 Bh6 0-1

[Event "Biel MTO op"]
[White "Schmid, Marcel"]
[Black "Ciric, Dragoljub M"]
[Site "Biel"]
[Round "3"]
[Result "0-1"]
[Date "2002.07.24"]
[WhiteElo "2087"]
[BlackElo "2276"]
[PlyCount "52"]
[EventDate "2002.07.22"]
[EventType "swiss"]
[EventRounds "11"]
[EventCountry "SUI"]
[SourceTitle "EXT 2003"]
[Source "ChessBase"]
[SourceDate "2002.11.25"]
[SourceVersion "1"]
[SourceVersionDate "2002.11.25"]
[SourceQuality "1"]

1. e4 c6 2. d4 d5 3. exd5 cxd5 4. Bd3 Nc6 5. c3 g6 6. Bf4 Bg7 7. Na3 Nf6 8. Qd2 0-0 9. Ne2 Nh5 10. Bh6 Bxh6 11. Qxh6 e5 12. Nc2 Qb6 13. 0-0-0 e4 14. Ng3 Ng7 15. Bxe4 dxe4 16. Nxe4 f6 17. Ne3 Nf5 18. Nxf5 Bxf5 19. Rhe1 Nb4 20. b3 Nxa2+ 21. Kb2 Bxe4 22. Rxe4 Nxc3 23. Kxc3 Qc6+ 24. Kd3 Rac8 25. Re7 Qc2+ 26. Ke3 Rc3+ 0-1